| 000 | 00737nam a2200241Ia 4500 | ||
|---|---|---|---|
| 005 | 20260121112537.0 | ||
| 008 | 6844 260114s9999 xx 000 0 eng d | ||
| 020 | _a9789814287951 | ||
| 037 | _aEBOOK | ||
| 040 |
_aCRL _beng _cCRL |
||
| 041 |
_aeng _2eng |
||
| 084 | _qCRL | ||
| 100 |
_aHuang Zhenhua & Tan Soon Keat _9959311 |
||
| 245 | 0 | _aAsian and Pacific Coasts 2009 In 4 Volumes, with Cd-Rom - Proceedings of the 5Th International Conference on Apac 2009 | |
| 260 | _bWorld Scientific | ||
| 260 | _bWSPC | ||
| 260 | _c2009 | ||
| 650 |
_aEngineering / Acoustics _9959312 |
||
| 856 | _uhttps://www.worldscientific.com/worldscibooks/10.1142/7485#t=toc | ||
| 942 | _cEBOOK | ||
| 999 |
_c1544144 _d1544144 |
||